<?xml version="1.0" encoding="UTF-8"?>
<record
    xmlns:xsi="http://www.w3.org/2001/XMLSchema-instance"
    xsi:schemaLocation="http://www.loc.gov/MARC21/slim http://www.loc.gov/standards/marcxml/schema/MARC21slim.xsd"
    xmlns="http://www.loc.gov/MARC21/slim">

  <leader>02948cam a2200445Ia 4500</leader>
  <controlfield tag="001">DIGBIN02344</controlfield>
  <controlfield tag="003">NyNyDIG</controlfield>
  <controlfield tag="006">m     o  d        </controlfield>
  <controlfield tag="007">cr |||||||||||</controlfield>
  <controlfield tag="008">100625s2002    sp      o     000 0 spa d</controlfield>
  <datafield tag="020" ind1=" " ind2=" ">
    <subfield code="z">8497421302</subfield>
  </datafield>
  <datafield tag="020" ind1=" " ind2=" ">
    <subfield code="z">9788497421300</subfield>
  </datafield>
  <datafield tag="035" ind1=" " ind2=" ">
    <subfield code="a">(OCoLC)992078101</subfield>
  </datafield>
  <datafield tag="040" ind1=" " ind2=" ">
    <subfield code="a">DGITA</subfield>
    <subfield code="b">eng</subfield>
    <subfield code="e">pn</subfield>
    <subfield code="c">DGITA</subfield>
  </datafield>
  <datafield tag="050" ind1="1" ind2="4">
    <subfield code="a">BF575.F2 eBook</subfield>
  </datafield>
  <datafield tag="082" ind1="0" ind2="4">
    <subfield code="a">152.46</subfield>
  </datafield>
  <datafield tag="245" ind1="0" ind2="4">
    <subfield code="a">Los dominios del miedo /</subfield>
    <subfield code="c">edici&#xF3;n de Vicente Dom&#xED;nguez; Fernando Beltr&#xE1;n ... [et al.].</subfield>
  </datafield>
  <datafield tag="264" ind1=" " ind2="1">
    <subfield code="a">Madrid :</subfield>
    <subfield code="b">Biblioteca Nueva,</subfield>
    <subfield code="c">[2002]</subfield>
  </datafield>
  <datafield tag="300" ind1=" " ind2=" ">
    <subfield code="a">1 online resource (357 pages)</subfield>
  </datafield>
  <datafield tag="336" ind1=" " ind2=" ">
    <subfield code="a">text</subfield>
    <subfield code="b">txt</subfield>
    <subfield code="2">rdacontent</subfield>
  </datafield>
  <datafield tag="337" ind1=" " ind2=" ">
    <subfield code="a">computer</subfield>
    <subfield code="b">c</subfield>
    <subfield code="2">rdamedia</subfield>
  </datafield>
  <datafield tag="338" ind1=" " ind2=" ">
    <subfield code="a">online resource</subfield>
    <subfield code="b">cr</subfield>
    <subfield code="2">rdacarrier</subfield>
  </datafield>
  <datafield tag="347" ind1=" " ind2=" ">
    <subfield code="a">text file</subfield>
    <subfield code="2">rdaft</subfield>
  </datafield>
  <datafield tag="347" ind1=" " ind2=" ">
    <subfield code="b">PDF</subfield>
  </datafield>
  <datafield tag="490" ind1="1" ind2=" ">
    <subfield code="a">Ensayos</subfield>
  </datafield>
  <datafield tag="505" ind1="0" ind2=" ">
    <subfield code="a">La cabeza de Medusa : el miedo, el espejo y la muerte / Vicente Dom&#xED;nguez -- Amar el miedo / Fernando Beltr&#xE1;n -- Viaje (de ida y vuelta) al terror : el miedo como objeto de consumo / Roberto Cueto -- Miedo normal y miedo patol&#xF3;gico / Enrique Echebur&#xFA;a -- &#xBF;Se puede filmar el miedo? : implicaciones que tiene para el concepto de ansiedad su presencia en el cine / Jos&#xE9; Manuel Errasti P&#xE9;rez -- La realidad interpretada : miedos y deseos de la mujer contempor&#xE1;nea / Elena Garc&#xED;a Vega -- El miedo protector / Santiago Gonz&#xE1;lez Escudero -- La ciudad desordenada : el espacio urbano del miedo / Nicol&#xE1;s Maruri -- Apocalipsis total : el terror posmoderno / &#xC1;lex Mend&#xED;bil -- Los escenarios del miedo : un recorrido por los espacios del terror / Jes&#xFA;s Palacios -- "S&#xE1;lvese quien pueda" : supervivientes y derrotados en el cine de V&#xED;ctor Erice / Jaime Pena -- Espacios y momentos del miedo en la ciudad / Marino P&#xE9;rez Alvarez -- Escrituras del miedo / &#xC1;ngel L. Prieto De Paula -- Modernos y peligrosos : miedo, distop&#xED;a y paranoia en el cine contempor&#xE1;neo / Jordi S&#xE1;nchez-Navarro -- Para re&#xED;rse de miedo : humor y autoconsciencia en "La torre de los siete jorobados" / Leopoldo S&#xE1;nchez Torre -- P&#xE1;nico en la escena : miedo real y miedo representado / Sergi S&#xE1;nchez -- Filmar el miedo / Fernando Savater -- El miedo a la locura : representaciones de poder en la literatura / Mar&#xED;a Socorro Su&#xE1;rez Lafuente -- "A Inglaterra me arrastrar&#xE9; y all&#xED; robar&#xE9;" : el miedo al errante en la Europa Moderna / Juan E. Taz&#xF3;n Salces.</subfield>
  </datafield>
  <datafield tag="650" ind1=" " ind2="0">
    <subfield code="a">Fear.</subfield>
  </datafield>
  <datafield tag="650" ind1=" " ind2="0">
    <subfield code="a">Fear in literature.</subfield>
  </datafield>
  <datafield tag="650" ind1=" " ind2="0">
    <subfield code="a">Emotions in literature.</subfield>
  </datafield>
  <datafield tag="650" ind1=" " ind2="0">
    <subfield code="a">Comparative literature</subfield>
    <subfield code="x">Themes, motives.</subfield>
  </datafield>
  <datafield tag="650" ind1=" " ind2="0">
    <subfield code="a">Horror films</subfield>
    <subfield code="x">Psychological aspects.</subfield>
  </datafield>
  <datafield tag="655" ind1=" " ind2="0">
    <subfield code="a">Electronic books.</subfield>
  </datafield>
  <datafield tag="700" ind1="1" ind2=" ">
    <subfield code="a">Dom&#xED;nguez Garc&#xED;a, Vicente.</subfield>
  </datafield>
  <datafield tag="791" ind1="2" ind2=" ">
    <subfield code="a">Digitalia (Firm),</subfield>
    <subfield code="e">distributor.</subfield>
  </datafield>
  <datafield tag="830" ind1=" " ind2="0">
    <subfield code="a">Ensayos (Biblioteca Nueva (Firm))</subfield>
  </datafield>
  <datafield tag="793" ind1="0" ind2=" ">
    <subfield code="g">Digitalia eBook Collection:</subfield>
    <subfield code="a">Biblioteca Nueva</subfield>
  </datafield>
  <datafield tag="856" ind1="4" ind2="0">
    <subfield code="3">Digitalia Hisp&#xE1;nica</subfield>
    <subfield code="u">https://www.digitaliapublishing.com/a/4968/</subfield>
  </datafield>
  <datafield tag="910" ind1=" " ind2=" ">
    <subfield code="a">Premium Collection: 2007-2012</subfield>
  </datafield>
  <datafield tag="942" ind1=" " ind2=" ">
    <subfield code="c">RAA</subfield>
  </datafield>
  <datafield tag="952" ind1=" " ind2=" ">
    <subfield code="0">0</subfield>
    <subfield code="1">0</subfield>
    <subfield code="4">0</subfield>
    <subfield code="7">0</subfield>
    <subfield code="8">DEH</subfield>
    <subfield code="a">BD-UIN</subfield>
    <subfield code="b">BD-UIN</subfield>
    <subfield code="d">2025-04-25</subfield>
    <subfield code="l">0</subfield>
    <subfield code="r">2025-04-25</subfield>
    <subfield code="w">2025-04-25</subfield>
    <subfield code="y">RAA</subfield>
  </datafield>
  <datafield tag="999" ind1=" " ind2=" ">
    <subfield code="c">231010</subfield>
    <subfield code="d">231010</subfield>
  </datafield>
</record>
